000 00579nam a2200193Ia 4500
005 20250507130206.0
008 008 250505s9999 xx 000 0 eng d
037 _aSeries Article
040 _aEASL
_beng
_cEASL
041 _aeng
_2eng
084 _qEASL
100 _aRosenberg David
_9668725
245 0 _aChinese circulations: Capital, commodities and networks in southeast asia
260 _aAustralia
_bCanberra Australian National University Australia
_c2012
300 _a199-201
650 _aPolitics
942 _cSRA
999 _c1318232
_d1318232